Breaking Bad Trivia #I - Statistics

General Stats
  • This quiz has been taken 109 times
  • The average score is 8 of 15
Answer Stats
Hint Answer % Correct
Hank is Walts Brother -__ in law
90%
P.I stands for Private __, like Mike is to Saul Investigator
83%
To'hajiilee is an __ reservation Indian
79%
Saul asks whether "Mr.Mayhew" is english or__ Irish
65%
Jesse puts the keys here, when Walt tells him to put them someplace else Ignition
59%
Institutions that tries to proof Teds wrongdoings IRS (Internal Revenue Service)
59%
We see the twins with a hay truck filled with __ Immigrants
49%
Gale speaks this language fluently Italian
48%
"It wasn't me, it was __. He is the one!"- Saul Ignacio
46%
Lydia offers Walt to sell his product __ International
45%
I.F.T. stands for _ __ _ and is said by Skyler and is an episode title in Season 3 I fucked Ted
39%
Krazy-8 was an __ to Hank Informant
37%
Boss of Vamonos Pest Ira
31%
When Jesse gets kicked out of his house, he frustatingly throws the__after the people removing his stuff, yelling they forget the "__" Ice Trays
14%
Episode title in Season 3 I see you
11%
No matching quizzes found
Score Distribution
Percent of People with Each Score
Percentile by Number Answered
Your Score History
You have not taken this quiz